| 000 | 00750nam a2200229 i 4500 | ||
|---|---|---|---|
| 001 | 124532 | ||
| 003 | ES-MaACL | ||
| 005 | 20250813062625.0 | ||
| 007 | t| | ||
| 008 | 070329s1936 sp ||||1| spa d | ||
| 100 |
_aChallaye, Felicien, _d1875-1967 _9186620 |
||
| 245 | 1 | 0 |
_aFilosofía moral / _cFelicien Challaye ; traducción del francés por Emilio Huidobro y Edith Tech de Huidobro. |
| 260 |
_aBarcelona : _bLabor, _c[1936] |
||
| 300 |
_a405 p. ; _c17 cm. |
||
| 490 | 1 |
_aColección Labor ; _v381, 382 |
|
| 650 | 7 |
_aÉtica _2embne _912577 |
|
| 700 | 1 |
_aHuidobro de la Iglesia, Emilio. _964673 |
|
| 700 | 1 |
_aTech Ernst, Edith. _9109499 |
|
| 830 | 0 | 0 |
_aColección Labor _v381, 382 _9184254 |
| 852 |
_aES-MaACL _jE-2853 |
||
| 999 |
_c124532 _d124532 |
||